Spinoza en Grotius met betrekking tot het volkenrecht /

محفوظ في:

المؤلف الرئيسي: Coert (مؤلف)

التنسيق: كتاب الكتروني

اللغة: English
Dutch

منشور في: Leiden ; Boston : Brill, 1936.

سلاسل: European History and Culture - Book Archive pre-2000
Mededelingen vanwege het Spinozahuis ; 3.

الموضوعات:

الوصول للمادة أونلاين: Login to view Source

الوسوم: إضافة وسم

لا توجد وسوم, كن أول من يضع وسما على هذه التسجيلة!

رقم الطلب: B3997

LEADER 01409nam a22003858i 4500
001 BRILL9789004621992
003 nllekb
005 20241030073556.0
006 m d
007 cr un uuuua
008 240918s1936 gw sb 001 0 eng d
020 |a 9789004621992  |q (electronic book) 
020 |z 9789004709409  |q (print) 
024 7 |a 10.1163/9789004621992  |2 DOI 
040 |a NL-LeKB  |c NL-LeKB  |e rda 
041 |a dut 
050 4 |a B3997 
072 7 |a LAW  |x 060000  |2 bisacsh 
072 7 |a LAZ  |2 bicssc 
082 0 4 |a 199  |2 23 
100 1 |a Coert,  |e author. 
245 1 0 |a Spinoza en Grotius met betrekking tot het volkenrecht /  |c J. Coert. 
264 1 |a Leiden ;  |a Boston :  |b Brill,  |c 1936. 
490 1 |a European History and Culture - Book Archive pre-2000 
490 1 |a Mededelingen vanwege het Spinozahuis ;  |v 3 
505 0 |t Front Matter -- Preliminary Material /  |r Mr J. Coert -- Spinoza en Grotius /  |r J. Coert. 
546 |a Dutch 
600 0 0 |a Grotius, Hugo,  |d 1583-1645. 
600 0 0 |a Spinoza, Benedictus de,  |d 1632-1677. 
776 0 8 |i Print version:  |t Spinoza en Grotius met betrekking tot het volkenrecht.  |d Leiden ; Boston : Brill, 1936.  |z 9789004709409 
830 0 |a European History and Culture - Book Archive pre-2000 
830 0 |a Mededelingen vanwege het Spinozahuis ;  |v 3. 
856 4 |z DOI:   |u http://dx.doi.org/10.1163/9789004621992 
942 |2 lcc  |c EBOOK 
999 |c 59660  |d 59660